| 000 | 00744nam a2200301Ia 4500 | ||
|---|---|---|---|
| 008 | 190123s9999 xx 000 0 und d | ||
| 020 | _a0439267072 | ||
| 050 | _bM398 2002 | ||
| 100 | _aMasoff, Joy | ||
| 245 | 0 | _aEverest : | |
| 245 | 0 | _breaching for the sky / | |
| 245 | 0 | _cby Joy Masoff. | |
| 260 | _aNew York, New York : | ||
| 260 | _bScholastic, | ||
| 260 | _c2002 | ||
| 300 | _a48 pages : | ||
| 300 | _bcolored illustrations ; | ||
| 300 | _c23cm. | ||
| 440 | _aScholastic history readers. | ||
| 500 | _a920L | ||
| 650 | _aHillary, Edmund, 1919-2008. | ||
| 650 | _aMountaineers. | ||
| 650 | _aNepal. | ||
| 650 | _aNew Zealand. | ||
| 650 | _aTenzing, Norkey, 1914-1986. | ||
| 700 | _aSeries. | ||
| 700 | _aTitle. | ||
| 999 |
_c361172 _d361172 |
||